000 01594nam a2200253 a 4500
008 100726s2010 ||||||||||||||||| || u
020 _a9780138150372
050 _aT 57.62 Dis
100 _aBanks, Jerry
245 1 0 _aDiscrete-event system simulation. -- 5th ed.
_cby Jerry Banks, [and others]
250 _a5th ed.
260 _aUpper Saddle River, NJ:
_bPearson
_c2010
300 _a640p.: ill.
350 _a0.00
500 _aIncludes Index and Appendix
650 7 _aTECHNOLOGY
_2fast
650 _aSIMULATION METHODS
995 _aTEXTBOOKS (SB)
_D0.00
_e03007597
_FCBU-SCHOOL TEXTBOOK COLLECTIONS
_H1
_I0.00
_jSCHOOL TEXTBOOK
_M4
_UAVAILABLE
_WMay 5, 2011
_yZ03007597
_(SB) School Collections
995 _aTEXTBOOKS (SB)
_D0.00
_e03007599
_FCBU-SCHOOL TEXTBOOK COLLECTIONS
_H1
_I0.00
_jSCHOOL TEXTBOOK
_M6
_UAVAILABLE
_WMay 5, 2011
_yZ03007599
_ZMain Library Open Access Collection
995 _aMAIN LIBRARY OPEN ACCESS
_D0.00
_e741464
_FCBU-MAIN LIBRARY (Kitwe)
_H1
_I0.00
_jT 57.62 DIS
_M1
_UAVAILABLE
_WAug 19, 2010
_y741464
_ZMain Library Open Access Collection
995 _aTEXTBOOKS (SB)
_D0.00
_e03007598
_FCBU-SCHOOL TEXTBOOK COLLECTIONS
_H1
_I0.00
_jSCHOOL TEXTBOOK
_M5
_UAVAILABLE
_WMay 5, 2011
_yZ03007598
_ZMain Library Open Access Collection
995 _aTEXTBOOKS (SB)
_D0.00
_e03007574
_FCBU-SCHOOL TEXTBOOK COLLECTIONS
_H1
_I0.00
_jSCHOOL TEXTBOOK
_M2
_UAVAILABLE
_WMay 5, 2011
_yZ03007574
_ZMain Library Open Access Collection
995 _aTEXTBOOKS (SB)
_D0.00
_e03007596
_FCBU-SCHOOL TEXTBOOK COLLECTIONS
_H1
_I0.00
_jSCHOOL TEXTBOOK
_M3
_UAVAILABLE
_WMay 5, 2011
_yZ03007596
_ZMain Library Open Access Collection
999 _c63592
_d63592